000 00449nam a2200157 4500
001 144159
003 ES-MaACL
005 20230906200945.0
007 t|
008 070214s1910 fr r ||||1| fre d
100 1 _aSieffiert, G.
_9106221
245 1 0 _aIntroduction generale a la therapeutique positive /
_cG. Sieffiert.
260 _aParis :
_b[s.n.],
_c1910 (
_fImp. Ch. Colni)
300 _aXII, 408 p. ;
_c25 cm.
852 _aES-MaACL
_jF-13163
999 _c144159
_d144159